NintendoLife's Top 50 3DS Games - Statistics

General Stats
  • This quiz has been taken 8 times
  • The average score is 10 of 50
Answer Stats
Hint Answer % Correct
26 Super Mario 3D Land
86%
5 Animal Crossing: New Leaf
71%
21 Mario Kart 7
71%
4 The Legend of Zelda: Majora's Mask 3D
71%
1 The Legend of Zelda: Ocarina of Time 3D
71%
2 The Legend of Zelda: A Link Between Worlds
57%
3 Fire Emblem: Awakening
43%
9 Kid Icarus: Uprising
43%
40 Pokemon Sun/Pokemon Moon
43%
29 Pokemon X/Pokemon Y
43%
11 Star Fox 64 3D
43%
34 Fantasy Life
29%
23 Fire Emblem Fates
29%
6 Kirby: Planet Robobot
29%
20 Luigi's Mansion: Dark Moon
29%
50 Mario and Luigi: Dream Team
29%
8 Pokemon Omega Ruby/Pokemon Alpha Sapphire
29%
13 Super Smash Bros. for Nintendo 3DS
29%
18 Bravely Default
14%
31 Donkey Kong Country Returns 3D
14%
44 Dragon Quest VII: Fragments of the Forgotten Past
14%
7 Dragon Quest VIII: Journey of the Cursed King
14%
17 Fire Emblem Echoes: Shadows of Valentia
14%
22 Kirby: Triple Deluxe
14%
10 Metroid: Samus Returns
14%
30 Monster Hunter 4 Ultimate
14%
38 Phoenix Wright: Ace Attorney - Dual Destinies
14%
45 Phoenix Wright: Ace Attorney - Spirit of Justice
14%
41 Pokemon Ultra Sun/Pokemon Ultra Moon
14%
14 Shin Megami Tensei IV
14%
46 WarioWare Gold
14%
16 Xenoblade Chronicles 3D
14%
37 Bravely Second: End Layer
0%
19 Mario and Luigi: Bowser's Inside Story + Bowser Jr's Journey
0%
15 Mario and Luigi: Superstar Saga + Bowser's Minions
0%
27 Phoenix Wright: Ace Attorney Trilogy
0%
48 Pokemon Super Mystery Dungeon
0%
49 Poochy and Yoshi's Woolly World
0%
39 Professor Layton vs. Phoenix Wright: Ace Attorney
0%
33 Resident Evil Revelations
0%
42 Shantae and the Pirate's Curse
0%
32 Shin Megami Tensei: Devil Summoner: Soul Hackers
0%
28 Shin Megami Tensei: Devil Survivor 2 Record Breaker
0%
47 Shin Megami Tensei: Devil Survivor Overclocked
0%
25 Shin Megami Tensei IV: Apocalypse
0%
24 Shin Megami Tensei: Strange Journey Redux
0%
12 Shovel Knight
0%
36 SteamWorld Heist
0%
35 Theatrhythm Final Fantasy: Curtain Call
0%
43 Zero Escape: Virtue's Last Reward
0%
No matching quizzes found
Score Distribution
Percent of People with Each Score
Percentile by Number Answered
Your Score History
You have not taken this quiz